00336nam a2200121 450000500170000010000140001724500720003126400230010330000180012633600220014433700240016633800240019020260530113845.01 aLynn John10aCómo Preparar Diseños para la Imprenta -Manuales de Diseño GG 1bGustavo Gilic1989 a144 páginas atexto2rdacontent asin medio2rdamedia avolumen2rdacarrier